Focus sur: Antioche Peverell - Harry Potter - Statistiques

Statistiques générales
  • Ce quiz a été pris 118 fois
  • Le résultat moyen est 7 sur 8
Statistiques - réponses
Informations recherchées Réponses % Correct
Statut du sang Sang-Pur
99%
Relique Baguette de sureau
95%
Première mention Harry Potter et les Reliques de la Mort
95%
Bois de la baguette Sureau
88%
Frère Ignotus Peverell
86%
Frère Cadmus Peverell
71%
Intérieur de la baguette Crin de sombral
61%
Conte Conte des trois frères
57%
Aucun quiz correspondant
Distribution des résultats
% des personnes avec chaque résultat
Percentile par nombre de réponses
Votre historique - résultats
Vous n’avez pas pris ce quiz